Miembros de los BRICS - ¡Muerte súbita! - Estadísticas

Estadísticas generales
  • Esta prueba ha sido intentada 275 veces
  • La puntuación promedio es 5 de 10
Answers on the Grid
Answers color-coded by a green-red scale on the quiz's grid according to % correct below.
Arabia Saudita
Bangladés
Bielorrusia
Brasil
China
Cuba
Egipto
Emiratos Árabes Unidos
Etiopía
India
Indonesia
Irak
Irán
Libia
Pakistán
Rep. Dem. del Congo
Rusia
Sudáfrica
Sudán
Tanzania
Uzbekistán
Venezuela
Vietnam
Yemen
 
Estadísticas de respuestas
Respuesta % Correcto
Brasil
87%
China
86%
Rusia
81%
India
73%
Sudáfrica
70%
Irán
36%
Egipto
30%
Emiratos Árabes Unidos
22%
Indonesia
21%
Etiopía
20%
No se encontraron pruebas coincidentes
Distribución de puntuación
Porcentaje de gente con cada puntuación
Porcentaje por número respondido
Historial de tus puntuaciones
No has intentado esta prueba.